| 000 | 01502cam a2200361 a 4500 | ||
|---|---|---|---|
| 999 |
_c26395 _d26395 |
||
| 001 | 12688779 | ||
| 005 | 20170204103318.0 | ||
| 008 | 020228s2001 nyua 000 0 eng d | ||
| 010 | _a 2002277134 | ||
| 020 | _a0670893854 | ||
| 035 | _a(DLC) 2002277134 | ||
| 035 | _a(DLC)4781 | ||
| 035 | _a(OCoLC)ocm48381918 | ||
| 040 |
_aVTL _cVTL _dCPL _dDLC |
||
| 042 | _alccopycat | ||
| 043 | _an-us--- | ||
| 050 | 0 | 0 | _aNA7208 .G45 2001 |
| 100 | 1 | _aGellner, Arrol. | |
| 245 | 1 | 0 |
_aStorybook style : _bAmerica's whimsical homes of the twenties / _cArrol Gellner ; photographs by Douglas Keister. |
| 260 |
_aNew York, N.Y. : _bViking Studio, _cc2001. |
||
| 300 |
_a160 p. : _bcol. ill. ; _c29 cm. |
||
| 650 | 0 |
_aArchitecture, Domestic _zUnited States. |
|
| 650 | 0 |
_aArchitecture _zUnited States _xHistory _y20th century. |
|
| 650 | 0 |
_aArchitecture, Medieval _xInfluence. |
|
| 700 | 1 | _aKeister, Douglas. | |
| 856 | 4 | 2 |
_3Contributor biographical information _uhttp://www.loc.gov/catdir/enhancements/fy1203/2002277134-b.html |
| 856 | 4 | 2 |
_3Publisher description _uhttp://www.loc.gov/catdir/enhancements/fy1203/2002277134-d.html |
| 942 |
_2lcc _cBOOKS |
||